02025nam a2200349Ia 450000500170000000800410001702000150005808200210007310000270009424500620012125000190018330000270020250004440022950400270067365000790070065000240077965000350080365000380083865000330087665000490090994200120095826400290097033600270099933700330102633800280105904000350108799900150112295201330113795201370127095201320140795201360153920220317000726.0160601s2004 ck g 000 0 spa  a958704225504a980.01208 bO76a1 aOspina, Williamd1954-10aAmérica mestiza bel país del futuro cWilliam Ospina a1a. edición  a244 páginas c25 cm  a Lo originario de América. El Mar Caribe. El Pacífico y los Andes. El Amazonas. La vida milenaria en América. Lo que llegó de Europa. El choque de los mundos. Lo que llegó de África. Las Américas. La colonia. En los reinos del espíritu. Y se acaba el siglo XVIII. El sueño de la libertad. Independencia. La carta de Jamaica. El derecho al presente. La Guerra y la Paz. En busca de la modernidad. El siglo XX. Lo que somos aIncluye bibliografía142LEMBaENSAYOS COLOMBIANOS - COLECCIONES - SIGLO XX;14aAUTORES COLOMBIANOS142LEMBaFlora andina 142LEMBaAmérica xGeografía 142LEMB aAmérica xDescripciones 142LEMB aAmérica xHistoria 142LEMB aAmérica xVida social y costumbres  2ddccBK aBogotá bAguilarc2004 atextobtxt2rdacontent asin mediaciónbn2rdamedia avolumenbnc2rdacarrier aCO-BoRNBPbspaerdacCO-BoRNBP c4881d4881 00102ddc40708GENaMEPRICObMEPRICOcGENd2023-04-11l0o980.01208O76apPR00000926r2023-04-11 00:00:00tEj.1w2023-04-11yBK 00102ddc40708GENaMEMAPIRIbMEMAPIRIcGENd2024-01-11l0o980.01208 O76apMAP00001674r2024-01-11 14:02:06tEj.1w2024-01-11yBK 00102ddc40708GENaMEURIBEbMEURIBEcGENd2024-09-24l0o980.01208 O76apURI01333r2024-09-24 09:39:01tEj.1w2024-09-24yBK 00102lcc40708GENaMEPCONCObMEPCONCOcGENd2026-03-11l0o980.01208 O76apPCON02593r2026-03-11 19:17:00tEj.1w2026-03-11yBK